000 00663nam a2200265Ia 4500
005 20260306164301.0
008 008 260114s9999 xx 000 0 eng d
020 _a9781529200140
037 _aEBOOK
040 _aCRL
040 _beng
040 _cCRL
041 _2eng
041 _aeng
084 _qCRL
100 _aJagannathan
245 4 _aThe Growing Challenge Of Youth Unemployment In Europe & Us: A Cross-cultural Perspective
260 _bThe Policy Press
260 _c2022
650 _aEconomics & Finance
856 _uhttps://academic.oup.com/book/42751
942 _cEBOOK
999 _c1713503
_d1713503